000 03094nam a2200781 a 4500
005 20241129082928.0
008 100701t2017 ag a . f |||| 001 0 spa d
020 _a9789502327853
041 _aspa
092 _c618
_l91
_sVAL
100 1 _aValenti, Eduardo Alberto
_eComp.
_94234
245 _aObstetricia /
_cEduardo Alberto Valenti
250 _a1a ed.
260 _aBuenos Aires:
_bEDUDEBA;
_c2017.
300 _a528 p.
_c23x16 cm.
_bil.
500 _aValenti, E. A., Nassif, J. C. y Winograd, R. H. (2017). Obstetricia. (1a ed.). Buenos Aires : EUDEBA.
653 _aDiagnóstico de embarazo y primera consulta
653 _aAnatomía, embriología y fisiología del embarazo
653 _aModificaciones gravídicas
653 _aDiagnóstico de embarazo y semiología obstetrica
653 _aControl prenatal
653 _aControles de la primera mitad del embarazo
653 _aControl prenatal
653 _aScreening primer trimestre e intervencionismo mini invasivo para el diagnóstico prenatal
653 _aPatología obstétrica de la primera mitad del embarazo
653 _aEmbarazo ectópico
653 _aEnfermedad trofoblástica gestacional
653 _aEmesis e hiperemésis gravídica
653 _aAborto
653 _aMalformaciones incompatibles con la vida. Conducta
653 _aCrecimiento y bienestar fetal de la segunda mitad del embarazo
653 _aEcografía del segundo trimestre
653 _aVitalidad fetal
653 _aCardiotocografía
653 _aRestricción del crecimiento intrauterino (RCIU)
653 _aEmbarazo gemelar
653 _aPatología obstétrica de la segunda mitad del embarazo
653 _aParto pretérmino
653 _aHipertensión y embarazo
653 _aHemorragias de la segunda mitad del embarazo
653 _aDiabetes y embarazo
653 _aIncompatibilidad sanguinea materno fetal
653 _aFeto muerto
653 _aHepatopatías
653 _aTrombofilia. Síndrome antifosfolipídico (SAF)
653 _aObstetricia quirúrgica
653 _aBioseguridad
653 _aTrabajo de parto: fenómemos activos y pasivos
653 _aDistocia ósea y desproporción pélvico cefálica
653 _aMecanismo de parto. Encefálica de vértice
653 _aInducción al parto
653 _aAtención del parto normal
653 _aParto instrumental. Cesárea
653 _aAlumbramiento y puerperio normal
653 _aComplicaciones del parto, alumbramiento y puerperio
653 _aDistocia de hombros
653 _aAlumbramiento patológico. Embolia de líquido amniótico
653 _aPuerperio patológico
653 _aEnfermedades coexistentes con el embarazo
653 _aInfecciones perinatales
653 _aAnemia y embarazo
653 _aEnfermedades cardíacas, neurológicas y tiroideas en el embarazo
653 _aTumores y embarazo
653 _aInfección urinaria durante el embarazo
700 1 _aNassif, Juan Carlos
_91808
700 1 _aWinograd, Raúl H.
_93688
942 _2ddc
_cBK
999 _c3219
_d3219